000 00852nam a22002177a 4500
999 _c145922
_d145922
005 20230310110538.0
010 _a1718EN-30 B-689171-186 ENG-136288
020 _c495.00
_a9788183823050
035 _aB-689171-186 EN-119820
037 _bLotus press
_adpl
082 _a954.02
100 _aMehta, J. L.
245 _aHistory of medieval India :
_cby J. L. Mehta [and ]Sarita Mehta
260 _aNew Delhi
_bLotus Press
_c2017
270 _a4263/3, Ansari Road, Darya Ganj,
_bNew Delhi
_e110002
300 _a957p.
_c22cm (pbk)
505 _a
700 _aMehta, Sarita
942 _2ddc
_cEN
_mMEH
_h954.02